ECLISSI PARZIALE (Record n. 106439)
[ formato base ]
| 000 -LEADER | |
|---|---|
| fixed length control field | 01755agaaa2200349 4500 |
| 001 - CONTROL NUMBER | |
| control field | 0851 |
| 003 - CONTROL NUMBER IDENTIFIER | |
| control field | IT-RoPAU |
| 005 - DATE AND TIME OF LATEST TRANSACTION | |
| control field | 20220918181245.0 |
| 007 - PHYSICAL DESCRIPTION FIXED FIELD--GENERAL INFORMATION | |
| fixed length control field | d cvaizq |
| 008 - FIXED-LENGTH DATA ELEMENTS--GENERAL INFORMATION | |
| fixed length control field | 50131s9999||||xx ||| | || ||und|| |
| 040 ## - CATALOGING SOURCE | |
| Original cataloging agency | IT-RoPAU |
| Transcribing agency | IT-RoPAU |
| 041 ## - LANGUAGE CODE | |
| Language code of text/sound track or separate title | ITALIANO |
| 100 ## - MAIN ENTRY--PERSONAL NAME | |
| Personal name | Jires Jaromil |
| Miscellaneous information | Codice regista SPICS: 29161 |
| 9 (RLIN) | 46874 |
| 130 ## - MAIN ENTRY--UNIFORM TITLE | |
| Uniform title | ECLISSI PARZIALE |
| 9 (RLIN) | 46875 |
| 240 ## - UNIFORM TITLE | |
| Uniform title | NEUPLNE ZATMENI |
| Miscellaneous information | T1284 |
| 245 ## - TITLE STATEMENT | |
| Title | ECLISSI PARZIALE |
| Statement of responsibility, etc. | Prodotto da: Nejedla Eliska -- Sceneggiatura: Fischerova Daniela Jires Jaromil -- Diretto da: Jires Jaromil |
| Name of part/section of a work | ECLISSI PARZIALE (Rif. Codice opera principale : V0851) |
| 246 ## - VARYING FORM OF TITLE | |
| Title proper/short title | NEUPLNE ZATMENI |
| 250 ## - EDITION STATEMENT | |
| Edition statement | Edizione Standard |
| 260 ## - PUBLICATION, DISTRIBUTION, ETC. (IMPRINT) | |
| Place of publication, distribution, etc. | PRAGA (CECOSLOVACCHIA) |
| Name of publisher, distributor, etc. | STUDIO BARRANDOV / Distribuzione: SPF FIRENZE |
| Date of manufacture | "1982 (1° ed.: 1993 ; Ed. Lingua Orig.: 1982)" |
| 300 ## - PHYSICAL DESCRIPTION | |
| Extent | 16MM |
| Other physical details | sonoro, col. |
| Dimensions | 90 minuti |
| 508 ## - CREATION/PRODUCTION CREDITS NOTE | |
| Creation/production credits note | "Fotografia: Sirotek Emil; Montaggio: Valusiak Josef; Musica: Popolanik Zdenek; Sceneggiatura: Fischerova Daniela Jires Jaromil; Scenografia: Dvorak Miroslav; Soggetto: Fischerova Daniela -- Jires Jaromil" |
| 511 ## - PARTICIPANT OR PERFORMER NOTE | |
| Participant or performer note | "Patikova Lucia; Bohdanova Blanka; Nauratil Oldrich; Brezinova Jana; Bestakova Gabrie" |
| 520 ## - SUMMARY, ETC. | |
| Summary, etc. | FILM A COLORI. PELLICOLA IN OTTIMO STATO. PER TRAMA VEDI VIDEOCASSETTA:9960/83158. |
| 538 ## - SYSTEM DETAILS NOTE | |
| System details note | MONO |
| 546 ## - LANGUAGE NOTE | |
| Language note | ITALIANO |
| 650 ## - SUBJECT ADDED ENTRY--TOPICAL TERM | |
| Topical term or geographic name as entry element | DRAMMATICO |
| Relator term | PELLICOLE CINEMA [16 MM] |
| General subdivision | Codice MATERIA SPICS: 9955 |
| 9 (RLIN) | 46876 |
| 700 ## - ADDED ENTRY--PERSONAL NAME | |
| Personal name | Fischerova Daniela |
| Relator term | (soggetto) |
| Miscellaneous information | Codice Soggetto SPICS: 29163 |
| 9 (RLIN) | 46877 |
| 700 ## - ADDED ENTRY--PERSONAL NAME | |
| Personal name | Jires Jaromil |
| Relator term | (regista) |
| Miscellaneous information | Codice regista SPICS: 29161 |
| 9 (RLIN) | 46878 |
| 700 ## - ADDED ENTRY--PERSONAL NAME | |
| Personal name | Jires Jaromil |
| Relator term | (soggetto) |
| Miscellaneous information | Codice Soggetto 2° SPICS: 29161 |
| 9 (RLIN) | 46879 |
| 700 ## - ADDED ENTRY--PERSONAL NAME | |
| Personal name | Popolanik Zdenek |
| Relator term | (musica) |
| Miscellaneous information | Codice Musica SPICS: 29164 |
| 9 (RLIN) | 46880 |
| 942 ## - ADDED ENTRY ELEMENTS (KOHA) | |
| Koha item type | 16 MM |
| Source of classification or shelving scheme | Dewey Decimal Classification |
| Withdrawn status | Lost status | Damaged status | Not for loan | Home library | Current library | Date acquired | Total Checkouts | Full call number | Date last seen | Price effective from | Koha item type | Public note |
|---|---|---|---|---|---|---|---|---|---|---|---|---|
| Buone Condizioni | Not For Loan | SPICS-MEDIATECA | SPICS-MEDIATECA | 31/01/2015 | V0851 | 31/01/2015 | 31/01/2015 | 16 MM | Progr. Ins.: 1074 / N.Vol.:2 / Copie: 1 / Pag.:0 / Copia rara: n.d. / date import: 1.2.2015 / By Epidotti, Trombetti, Vaglietti - CUSTODITA PRESSO FILMOTECA VATICANA |